Quizzes
Events
Quiz Creation
Community
Videos
Private Events
Remove Ads
Sign In
Join for FREE
Feedback
Dark Mode
Quiz Categories
Sports
Geography
Music
Movies
Television
Just For Fun
Miscellaneous
History
Literature
Language
Science
Gaming
Entertainment
Religion
Holiday
For Kids
Quiz Lab
Recent
Popular Today
Quiz Kudos Today
Editor Picks
Curator Picks
Quizzes by...
Day
Popularity
Type
Ratings
Length
Year
Community
Subscriptions
Recent Discussions
Orange Saloon
Badges
Playlists
Quests
Create
Leaderboards
Showdown
Live 5
Trivia Bingo
Activity
Puzzle Library
Sporcle Events
Private Events
Virtual Trivia
Globe League
Become a Host
Pub Owners
SporcleCon
Opinionation
Our Games
Videos
Blog
Mobile Apps
Partnerships
Remove Ads and Go Orange
Feedback
Miscellaneous
Crossword
General Knowledge
Baby Names
Logo
Food
Cars
Numbers
Grab Bag
University
College
Popular
Company
Slogans
Restaurants
Justice
Letter
Miscellaneous
Crossword
General Knowledge
Baby Names
Logo
Food
Cars
Numbers
Grab Bag
University
College
Popular
Company
Slogans
Restaurants
Justice
Letter
Random Quiz
Search Sporcle
×
Quiz Lab
Quiz Lab
Miscellaneous
Famous
Type in answers that appear in a list
Type in answers that appear in a list
Classic
Best Score? Go Orange.
Famous Names Before & After Stats
Can you name the Famous Names Before & After?
By
Nosleep
7m
20 Questions
128 Plays
128 Plays
128 Plays
Comments
Comments
Give Quiz Kudos
Give Quiz Kudos
-
- Ratings
hide this ad
Replay
Link that replays current quiz
Next Quiz
Link to next quiz in quiz playlist
You Got
0%
They Got
Avg Score
17%
Avg Friend Score
Upgrade to see
Score Distribution
Jump to the score distribution portion of the page
Score
0/20
Timer
07:00
0
Plays Today
Before
% Correct
Member of The Beatles
George Harrison Ford
77.3%
Leader of the Confederate army in the United States Civil War
Robert E. Lee Harvey Oswald
46.1%
English actor best known as TV's Dr. House
Hugh Laurie Metcalf
32.8%
Prime minister of Canada
Stephen Harper Lee
29.7%
Birth name of the first wife of Prince Charles of Wales
Diana Spencer Tracy
26.6%
Former President of Mexico
Vicente Fox Mulder
21.1%
American criminal, born Lester Gillis
Baby Face Nelson Mandela
19.5%
British boxer, former world heavyweight champion
Lennox Lewis Carroll
15.6%
Chilean-
American actress and singer, known for her role on 'NCIS'
Cote de Pablo Picasso
14.1%
American actor known as Rocky Balboa's trainer
Burgess Meredith Vieira
13.3%
Before
% Correct
American country/
folk rock singer-
songwriter, male
James Taylor Swift
12.5%
American landscape painter and printmaker
Winslow Homer Simpson
11.7%
Former prime minister of the United Kingdom
Tony Blair Underwood
9.4%
Sixteenth President of the United States
Abraham Lincoln Burrows
9.4%
American patriot known for his 'Give me liberty, or give me death!' speech
Patrick Henry Ian Cusick
5.5%
English-
American actor born Colin Emm, known for 'Hogan's Heroes' and 'Match Game'
Richard Dawson Leery
3.1%
Seven-
time winner of the Tour de France
Lance Armstrong Williams
2.3%
American psychic, known for 'Crossing Over'
John Edward Heath
2.3%
American female professional wrestler
Candice Michelle Bachelet
2.3%
Founder of Duracell battery company
Samuel Ruben Studdard
0.8%
Quiz Playlist
Details
Report
Send in Message
Add To Playlist
Classic:
Type in answers that appear in a list
Last Updated: Feb 16, 2017
Quiz Scoreboard
CHALLENGE
Sign Up to Join the Scoreboard
Show All
Scores
Hide
Comments
May contain spoilers
Recently Published
College Basketball Coaching Resumes
by pancakes188
Sports
9m
Billboard Blitz: Fleetwood Mac
by CooCooCachoo
Music
15s
Presidents Visiting Landmarks
by Hejman
History
7m
More to Explore
Quiz From the Vault
Featured Blog Post
Where Did the Easter Bunny Come From?
hide this ad
You Might Also Like...
Tags
Famous Quiz
before
Before and After
Famous Names
Today's Top Quizzes in Miscellaneous
Browse Miscellaneous
hide this ad
Today's Top Quizzes in Famous
Browse Famous
Top Contributed Quizzes in Miscellaneous
1
5-to-1: Fast Food
2
The JOE quick-fire general knowledge quiz: Day 174
3
The JOE quick-fire general knowledge quiz: Day 173
4
5-to-1: Cocktails
5
The JOE quick-fire general knowledge quiz: Day 172
6
Sunday Crossword: Famous Bodies of Water
7
The JOE quick-fire general knowledge quiz: Day 171
8
One Thing in Common: United Kingdom II
9
Named After an Animal - Odd One Out!
10
The JOE quick-fire quiz: Day 170
Explore More
Trending Topics
Anime
Crossword
Kpop
Disney
NBA
Harry Potter
Marvel
WWE
Pokémon
Song
Soccer
Country
NFL
The Office
Puzzle
hide this ad
More By:
Nosleep
Quiz
Plays
Rating
Category
Featured
Created
Presidential Firsts
79,450
4.43
History
Nov 3, 2009
Top 100 Beatles songs
3,203
3.88
Music
Aug 24, 2010
World cycling champions
1,311
4.50
Sports
Nov 28, 2009
World Series walk-offs
348
4.50
Sports
Oct 30, 2009
The Best of 2009
315
1.00
Entertainment
Dec 28, 2009
Go to Creator's Profile
Score Distribution
Quiz Creator Spotlight
Nosleep
Follow
Send a Message
Quizzes Created
-
Created Quiz Play Count
-
More By This Creator
Popular Quizzes Today
1
Find the US States - No Outlines Minefield
2
Find the Countries of Europe - No Outlines Minefield
3
The Countries of the World
4
Find the US States
5
Risky Map Clicking: Biggest States A-Z
6
US States
7
Popular People in 1961
8
Movies - When Are They Set?
More Miscellaneous Quizzes
Before and After III
Published
Trending Quizzes
Risky Map Clicking: Least Populous States A-Z
1-10 Letter G Words
1-10 Letter F Words
Risky Map Clicking: Next State Alphabetically
Risky Map Clicking: Biggest States A-Z
Recently Updated
Leaping Animals
pecheneg
Reality TV Shows (A-Z)
bhenderson79
Rickey Henderson's Hall of Fame Teammates
pecheneg
Champions League XIs: Arsenal
pecheneg
Quick Pick: Celebrities in WWE's Hall of Fame
aduchscher
A-Z Keypad Blitz II
pecheneg
Multiple Oscar Actors
pecheneg
Mystery Phrase Blitz: Oscar 'Best Actors'
pecheneg
F. Scott Fitzgerald Novels
LTH
Pick 3 Villains
ddd62291
Trending Topics
Disney
Harry Potter
Marvel
Anime
Crossword
NBA
Kpop
WWE
NFL
Country
Puzzle
Song
Soccer
The Office
Pokémon
Your Account Isn't Verified!
In order to create a playlist on Sporcle, you need to verify the email address you used during registration. Go to your
Sporcle Settings
to finish the process.
Report this User
Report this user for behavior that violates our
Community Guidelines
.
Details:
Send Report
Go to the Sporcle.com Mobile Site →
Comments